00326nam a2200109Ia 4500008004100000082000800041100001900049245003200068942000600100952009500106999001500201240331s9999 xx 000 0 und d bALE aAlexander, P.C 0aMy Years With Indira Gandhi cL 001040708LaWERCLbWERCLcSSCd2024-03-31l0o 954 ALEp6718r2024-03-31w2024-03-31yL c5711d5711